| 000 | 00477nam a2200181Ia 4500 | ||
|---|---|---|---|
| 008 | 240925s9999 xx 000 0 und d | ||
| 020 | _a8176355887 | ||
| 082 | _a005.2762 WAL | ||
| 100 | _aWalther, Stephen | ||
| 245 | 0 | _aASP .Net Unleashed | |
| 250 | _aNA | ||
| 260 |
_aIndia: _bTechmedia publications _c,2002. |
||
| 300 |
_axiv,548p. _bNA _fOriginal |
||
| 500 | _aNA | ||
| 600 | _aComputer Science | ||
| 650 | _aComputer science, information & general works | ||
| 942 | _cBK | ||
| 999 |
_c7492 _d7492 |
||